000 00528nam a2200193 a 4500
003 OSt
005 20160315093228.0
008 020226s1974 esp 000 0 spa d
020 _a84-206-0329-5
040 _cBMC
082 _a863.99231
100 1 _aCarpentier, Alejo
_931004
_d1904-1980
245 1 4 _aLos pasos perdidos
_cAlejo Carpentier
260 _aMadrid
_bAlianza
_c1988
300 _a275 p.
_c18 cm
490 _aEl libro de bolsillo. Sección: Literatura
_v1329
650 2 4 _aNovela cubana
_931003
942 _2ddc
_cBK
999 _c25062
_d25062